[Event "FIDE World Uni Blitz-C 1st"]
[Site "Tornelo INT"]
[Date "2021.03.13"]
[Round "7.75"]
[White "Jin, Fabian"]
[Black "Akok, Benjamin"]
[Result "1-0"]
[WhiteElo "1728"]
[BlackElo "1104"]
[PlyCount "129"]
[EventDate "2021.03.13"]
[EventType "swiss (blitz)"]
[EventRounds "10"]
[EventCountry "NET"]
[SourceTitle "EXT 2022"]
[Source "ChessBase"]
[SourceDate "2021.10.06"]
[SourceVersion "1"]
[SourceVersionDate "2021.10.06"]
[SourceQuality "1"]

1. e4 e5 2. Nf3 Nc6 3. Bb5 a6 4. Ba4 Nf6 5. 0-0 Bc5 6. Bxc6 dxc6 7. Nxe5 Qd4 8. Nf3 Qc4 9. Nc3 Bg4 10. d3 Qe6 11. Bf4 0-0-0 12. Qe2 Bd6 13. Be3 Bh5 14. d4 Nxe4 15. Nxe4 Qxe4 16. c4 Bxf3 17. Qxf3 Qxf3 18. gxf3 h5 19. Kh1 f5 20. Rg1 Rhg8 21. Rg6 f4 22. Bd2 Rde8 23. Rag1 Re7 24. c5 Re2 25. cxd6 Rxd2 26. dxc7 Kxc7 27. Rxg7+ Rxg7 28. Rxg7+ Kb6 29. Rf7 Rxf2 30. Rxf4 Rxb2 31. Re4 Rxa2 32. f4 Rf2 33. Kg1 Rf3 34. Kg2 Rb3 35. f5 Rb5 36. Rf4 Rd5 37. f6 Rd8 38. f7 Rf8 39. Kh3 a5 40. Kh4 Kb5 41. Kxh5 a4 42. Kg6 Rxf7 43. Kxf7 a3 44. Rf1 Kb4 45. h4 Kb3 46. h5 a2 47. h6 Kb2 48. h7 b5 49. h8Q a1Q 50. Rxa1 Kxa1 51. Qc8 b4 52. Qxc6 b3 53. Qc1+ Ka2 54. d5 b2 55. Qxb2+ Kxb2 56. d6 Kc3 57. d7 Kb4 58. d8Q Kb5 59. Qc7 Ka6 60. Qb8 Ka5 61. Ke6 Ka4 62. Kd5 Ka3 63. Kc4 Ka2 64. Kc3 Ka3 65. Qb3# 1-0

[Event "FIDE World Uni Blitz-C 1st"]
[Site "Tornelo INT"]
[Date "2021.03.13"]
[Round "2.32"]
[White "Jin, Fabian"]
[Black "Correa Atucsa, Breiner Roiser"]
[Result "0-1"]
[WhiteElo "1728"]
[BlackElo "2245"]
[PlyCount "42"]
[EventDate "2021.03.13"]
[EventType "swiss (blitz)"]
[EventRounds "10"]
[EventCountry "NET"]
[SourceTitle "EXT 2022"]
[Source "ChessBase"]
[SourceDate "2021.10.06"]
[SourceVersion "1"]
[SourceVersionDate "2021.10.06"]
[SourceQuality "1"]

1. e4 e6 2. d4 d5 3. exd5 exd5 4. Bd3 Nc6 5. c3 Bd6 6. Ne2 Nge7 7. Bf4 Bf5 8. 0-0 0-0 9. Re1 Qd7 10. Qc2 Bxd3 11. Qxd3 a6 12. Nd2 Rae8 13. Nf3 Ng6 14. Bg3 h6 15. b3 Re4 16. c4 Rfe8 17. cxd5 Nb4 18. Qc4 b5 19. Qc1 Nd3 20. Qc2 Nxe1 21. Rxe1 Bb4 0-1

[Event "SUI-ch U14"]
[Site "St Ursanne"]
[Date "2011.07.02"]
[Round "6"]
[White "Kuenzi, Anton"]
[Black "Jin, Fabian"]
[Result "0-1"]
[WhiteElo "1693"]
[BlackElo "1624"]
[PlyCount "77"]
[EventDate "2011.06.30"]
[EventType "swiss"]
[EventRounds "7"]
[EventCountry "SUI"]
[SourceTitle "EXT 2012"]
[Source "ChessBase"]
[SourceDate "2011.11.24"]
[SourceVersion "1"]
[SourceVersionDate "2011.11.24"]
[SourceQuality "1"]

1. e4 e5 2. Nf3 Nc6 3. Bc4 Nf6 4. Ng5 d5 5. exd5 Na5 6. Bb5+ Bd7 7. Qe2 Bd6 8. Nc3 0-0 9. Nge4 Nxe4 10. Nxe4 Bf5 11. Nxd6 Qxd6 12. Bd3 Bxd3 13. Qxd3 e4 14. Qb5 b6 15. b4 a6 16. Qa4 Nc4 17. Qb3 Qxd5 18. 0-0 Qc6 19. d3 exd3 20. cxd3 Nd6 21. Bf4 Rad8 22. Rac1 Qd7 23. Rc3 Nb5 24. Rc4 Qxd3 25. Qxd3 Rxd3 26. g3 Rc3 27. Rc1 Rxc1+ 28. Rxc1 Rc8 29. a4 Nd4 30. Rxc7 Rxc7 31. Bxc7 Nc6 32. Bxb6 Nxb4 33. a5 f6 34. Kg2 Kf7 35. Kf3 Ke6 36. Ke4 Nc6 37. g4 g6 38. h4 h6 39. f4 0-1

[Event "SUI-ch U12"]
[Site "Belp"]
[Date "2010.07.04"]
[Round "7"]
[White "Iliev, Dimitar2222"]
[Black "Jin, Fabian"]
[Result "1-0"]
[WhiteElo "1825"]
[BlackElo "1495"]
[PlyCount "71"]
[EventDate "2010.06.29"]
[EventType "swiss"]
[EventRounds "7"]
[EventCountry "SUI"]
[SourceTitle "EXT 2012"]
[Source "ChessBase"]
[SourceDate "2011.11.24"]
[SourceVersion "1"]
[SourceVersionDate "2011.11.24"]
[SourceQuality "1"]

1. d4 d5 2. Nf3 Nf6 3. c4 e6 4. e3 Be7 5. Nc3 0-0 6. Qc2 Nc6 7. a3 b6 8. cxd5 exd5 9. Bb5 Bb7 10. 0-0 Bd6 11. Nxd5 Nxd5 12. Bxc6 Bxc6 13. Qxc6 Ne7 14. Qc2 Ng6 15. e4 Re8 16. Bd2 Qd7 17. Rac1 Qe6 18. e5 Be7 19. Qxc7 Qb3 20. Qc2 Qxc2 21. Rxc2 Rac8 22. Rfc1 Rxc2 23. Rxc2 a5 24. Rc6 Rb8 25. d5 Bc5 26. b4 axb4 27. axb4 Bf8 28. g3 Rb7 29. d6 b5 30. h4 Rd7 31. h5 Nh8 32. Rc7 Rd8 33. Ng5 f6 34. Ne6 Rb8 35. d7 Be7 36. Rc8+ 1-0

[Event "SUI-ch U12"]
[Site "Belp"]
[Date "2010.07.01"]
[Round "1"]
[White "Jin, Fabian"]
[Black "Bischofberger, Dario"]
[Result "1/2-1/2"]
[WhiteElo "1495"]
[BlackElo "1560"]
[PlyCount "65"]
[EventDate "2010.06.29"]
[EventType "swiss"]
[EventRounds "7"]
[EventCountry "SUI"]
[SourceTitle "EXT 2012"]
[Source "ChessBase"]
[SourceDate "2011.11.24"]
[SourceVersion "1"]
[SourceVersionDate "2011.11.24"]
[SourceQuality "1"]

1. e4 e5 2. Nf3 Nf6 3. d4 exd4 4. e5 Ne4 5. Qxd4 d5 6. exd6 Nxd6 7. Bd3 Nc6 8. Qf4 Qe7+ 9. Be3 h6 10. 0-0 g5 11. Qa4 Bg7 12. Bd4 Bxd4 13. Nxd4 Bd7 14. Nc3 Ne5 15. Qa3 Nxd3 16. cxd3 0-0 17. Rfe1 Qf6 18. Qc5 c6 19. Nf3 b6 20. Qe5 Qe6 21. Qg3 Qf6 22. h4 Nf5 23. Qg4 Qd6 24. hxg5 Ne3 25. Qa4 b5 26. Qb3 Be6 27. Ne4 Qe7 28. Nf6+ Qxf6 29. gxf6 Bxb3 30. Rxe3 Bd5 31. Nd4 Kh7 32. Rg3 Rg8 33. Nf5 1/2-1/2